• 首页
  • 本馆介绍
  • 公告通知
  • 最新文献
  • 馆藏检索
  • 电子资源
  • 读者导购
  • 参考咨询
  • 我的图书馆
  • 登录
  • 详细信息显示
  • 放入我的书架
  • 预约/预借图书
  • 作者相关作品
  • 分类相关作品
  • 丛书相关作品
  • 出版社相关作品

书目信息

  • 表格格式
  • 工作单格式
  • 卡片格式
题名:
爱尔兰史
    
 
作者: 艾德蒙·柯蒂斯 著
分册: 上册  
出版信息: 南京   江苏人民出版社  1974
页数: 415页
开本: 20cm
丛书名:
单 册:
中图分类: K562
科图分类:
主题词: 西欧--历史
电子资源:
ISBN:
000 00589nam0 2200205 450
001 0634662406
005 20061115094222.51
010    @dCNY2.70(二册)
100    @a20061115d1974 km y0chiy0120 ea
101 0  @achi
102    @aCN@b320000
200 1  @a爱尔兰史@h上册@Aai er lan shi@f(爱尔兰)艾德蒙·柯蒂斯著@F(ai er lan)ai de meng·ke di si zhu
210    @a南京@c江苏人民出版社@d1974
215    @a415页@d20cm
300    @a内部读物
606 0  @a西欧@x历史
690    @aK562@v3
701  0 @a艾德蒙·柯蒂斯@Aai de meng·ke di si@4著
801  0 @aCN@bPFT@c20061115
905    @a10447@dK562@e1:1
    
    爱尔兰史.上册/(爱尔兰)艾德蒙·柯蒂斯著.-南京:江苏人民出版社,1974
    415页;20cm
    内部读物
    
    ISBN :CNY2.70(二册)
    
●
相关链接 在E读中查询图书 在五车中查询图书 在当当中查询图书 在豆瓣中查询图书


正题名:爱尔兰史     索取号:K562/1:1         预约/预借

序号 登录号 条形码 馆藏地/架位号 状态 备注
1 0218850   001415383   第二样本阅览室/ [索取号:K562/1:1] 在馆    
唐山师范学院图书馆 欢迎您!
大连网信软件有限公司© 版权所有